skbl

Dr Suryya Kumar Bhuyan Library Web-OPAC
ডঃ সূৰ্য্য
কুমাৰ ভূঞা পুথিভঁৰাল ৱেব-অ'পেক

All Research Scholars are advised to clear the annual library fees to continue using Library Resources, Remote Access, Plagiarism Test and Library Clearance.

Cotton University Book Fair 2026

Dinkar / (Record no. 2883)

MARC details
000 -LEADER
fixed length control field 00644nam a2200253Ia 4500
001 - CONTROL NUMBER
control field 2895
005 - DATE AND TIME OF LATEST TRANSACTION
control field 20240113233600.0
007 - PHYSICAL DESCRIPTION FIXED FIELD--GENERAL INFORMATION
fixed length control field ta
008 - FIXED-LENGTH DATA ELEMENTS--GENERAL INFORMATION
fixed length control field 050315s1990 a g b000 u hin u
020 ## - INTERNATIONAL STANDARD BOOK NUMBER
Terms of availability HB
040 ## - CATALOGING SOURCE
Original cataloging agency General Stack
041 ## - LANGUAGE CODE
Language code of text/sound track or separate title hin
082 ## - DEWEY DECIMAL CLASSIFICATION NUMBER
Classification number 891.4309
Item number Si 61 Di
100 ## - MAIN ENTRY--PERSONAL NAME
Personal name Sinha, Sabitri .
245 #0 - TITLE STATEMENT
Title Dinkar /
Statement of responsibility, etc. Sabitri Sinha.
Medium Textual Documents
250 ## - EDITION STATEMENT
Edition statement 3rd ed /
260 ## - PUBLICATION, DISTRIBUTION, ETC.
Place of publication, distribution, etc. New Delhi :
Name of publisher, distributor, etc. Radhakrishna PrakashaN Pvt. Ltd . ,
Date of publication, distribution, etc. 1990.
300 ## - PHYSICAL DESCRIPTION
Extent 237p. :
Other physical details ill ;
Dimensions 22cm. .
653 ## - INDEX TERM--UNCONTROLLED
Uncontrolled term Hindi Literally Criticism
942 ## - ADDED ENTRY ELEMENTS (KOHA)
Source of classification or shelving scheme Dewey Decimal Classification
Koha item type Books
Holdings
Withdrawn status Lost status Damaged status Not for loan Collection Home library Current library Date acquired Coded location qualifier Total checkouts Full call number Barcode Date last seen Copy number Price effective from Koha item type
          Dr. Suryya Kumar Bhuyan Library Dr. Suryya Kumar Bhuyan Library 01/02/2012 00000   891.4309 Si 61 Di 89004 13/01/2024 1 01/02/2012 Books
          Dr. Suryya Kumar Bhuyan Library Dr. Suryya Kumar Bhuyan Library 01/02/2012 00000   891.4309 Si 61 Di 137Hindi 13/01/2024 2 01/02/2012 Books

Designed and Maintained by Team SKBL
©1901-2026

Powered by Koha